Score 0/20 Timer 03:00
1 Play Today
Question Answer Wrong Answers
Arrested Development: CEO of the Bluth Company George Bluth Sr.
78.7%
Michael Bluth
14%
The West Wing: President of the United States Josiah Bartlet
70.6%
Matt Santos
22.6%
The Office: Regional Manager of Dunder Mifflin (Scranton) Michael Scott
68.9%
Robert California
23.8%
Lost: Protector of the Island Jacob
67.2%
Hurley Reyes
25.5%
The Big Bang Theory: Penny's Husband Zach Johnson
63.8%
Leonard Hofstadter
30.2%
Criminal Minds: BAU Unit Chief Aaron Hotchner
62.1%
Emily Prentiss
31.1%
Game of Thrones: Hand of the King Jon Arryn
61.3%
Ned Stark
32.3%
The Sopranos: Boss of the Lupertazzi Crime Family John Sacrimoni
60.9%
Phil Leotardo
33.2%
Scrubs: Chief of Medicine Dr. Kelso
59.6%
Dr. Cox
33.6%
M*A*S*H: Commanding Officer at the 4077th M*A*S*H Lt. Colonel Blake
59.6%
Colonel Potter
34.9%
Frasier: Station Manager of KACL Kenny Daly
59.1%
Roz Doyle
35.3%
Stranger Things: Director of Operations at Hawkins Laboratory Dr. Brenner
57.9%
Dr. Owens
36.6%
Brooklyn Nine-Nine: Captain of the 99th Precinct Captain McGintley
57.9%
Ray Holt
35.7%
Veep: President of the United States Selina Meyer
56.6%
Laura Montez
36.2%
Everybody Loves Raymond: Robert's Wife Joanne Glotz
54%
Amy McDougall
38.3%
Breaking Bad: ASAC of the Albuquerque DEA Unit George Merkert
48.9%
Hank Schrader
44.3%
Star Trek: Captain of the USS Enterprise Christopher Pike
46.8%
James T. Kirk
46.8%
Community: Professor of Anthropology June Bauer
45.1%
Ian Duncan
47.2%
Law & Order: Manhattan District Attorney Nora Lewin
40%
Arthur Branch
54.5%
Dexter: Miami Homicide Police Lieutenant Debra Morgan
39.6%
Angel Batista
53.2%
Remove Ads.
Support Sporcle.
Get the best of Sporcle when you Go Orange. This ad-free experience offers more features, more stats, and more fun while also helping to support Sporcle. Thank you for becoming a member.

You're not logged in!

Compare scores with friends on all Sporcle quizzes.
OR
Log In

Sporcle TV

Today on Sporcle TV


Watch our educational content, quiz creation guides, and fun videos on Sporcle TV.

Show Comments

Extras

Top Quizzes Today


Score Distribution

Paid Content

Your Account Isn't Verified!

In order to create a playlist on Sporcle, you need to verify the email address you used during registration. Go to your Sporcle Settings to finish the process.

Report this User

Report this user for behavior that violates our Community Guidelines.

Details: